Quizzes
Events
Quiz Creation
Community
Videos
Private Events
Remove Ads
Sign In
Join for FREE
Feedback
Dark Mode
Quiz Categories
Sports
Geography
Music
Movies
Television
Just For Fun
Miscellaneous
History
Literature
Language
Science
Gaming
Entertainment
Religion
Holiday
For Kids
Quiz Lab
Recent
Popular Today
Quiz Kudos Today
Editor Picks
Curator Picks
Quizzes by...
Day
Popularity
Type
Ratings
Length
Year
Community
Subscriptions
Recent Discussions
Orange Saloon
Badges
Playlists
Quests
Create
Leaderboards
Showdown
Live 5
Trivia Bingo
Activity
Puzzle Library
Sporcle Events
Private Events
Virtual Trivia
Globe League
Become a Host
Pub Owners
SporcleCon
Opinionation
Our Games
Videos
Blog
Mobile Apps
Partnerships
Remove Ads and Go Orange
Feedback
Gaming
Video Games
Board Games
Card Games
Pokémon
Mario
Nintendo
Minecraft
Console
Toys
Legend of Zelda
Gaming
Video Games
Board Games
Card Games
Pokémon
Mario
Nintendo
Minecraft
Console
Toys
Legend of Zelda
Random Quiz
Search Sporcle
×
Quiz Lab
Quiz Lab
Gaming
Mario
Type in answers that appear in a list
Type in answers that appear in a list
Classic
Best Score? Go Orange.
Super Mario Galaxy 1 & 2 Missions Stats
Can you name the missions of Super Mario Galaxies 1 & 2?
By
ilovededede
20m
243 Questions
47 Plays
47 Plays
47 Plays
Comments
Comments
Give Quiz Kudos
Give Quiz Kudos
-
- Ratings
hide this ad
More Info
Replay
Link that replays current quiz
Next Quiz
Link to next quiz in quiz playlist
You Got
0%
They Got
Avg Score
34%
Avg Friend Score
Upgrade to see
Score Distribution
Jump to the score distribution portion of the page
Score
0/243
Timer
20:00
0
Plays Today
Galaxy
Mission
% Correct
Good Egg Galaxy
Dino Piranha
87.2%
Gateway Galaxy
Grand Star Rescue
76.6%
Good Egg Galaxy
Dino Piranha Speed Run
76.6%
Good Egg Galaxy
King Kaliente's Battle Fleet
72.3%
Honeyhive Galaxy
Big Bad Bugaboom
72.3%
Flipswitch Galaxy
Painting the Planet Yellow
72.3%
Good Egg Galaxy
A Snack of Cosmic Proportions
70.2%
Bowser Jr.'s Robot Reactor
Megaleg's Moon
70.2%
Good Egg Galaxy
Luigi on the Roof
68.1%
Honeyhive Galaxy
Bee Mario Takes Flight
68.1%
Loopdeeloop Galaxy
Surfing 101
68.1%
Sweet Sweet Galaxy
Rocky Road
66%
Space Junk Galaxy
Tarantox's Tangled Web
66%
Honeyhive Galaxy
Trouble on the Tower
63.8%
Space Junk Galaxy
Pull Star Path
59.6%
Ghostly Galaxy
Beware of Bouldergeist
59.6%
Good Egg Galaxy
Purple Coin Omelet
57.4%
Space Junk Galaxy
Kamella's Airship Attack
57.4%
Space Junk Galaxy
Pull Star Path Speed Run
57.4%
Beach Bowl Galaxy
Passing the Swim Test
57.4%
Gateway Galaxy
Gateway's Purple Coins
55.3%
Battlerock Galaxy
Topmaniac and the Topman Tribe
55.3%
Hurry-
Scurry Galaxy
Shrinking Satellite
55.3%
Beach Bowl Galaxy
Fast Foes on the Cyclone Stone
55.3%
Ghostly Galaxy
Bouldergeist's Daredevil Run
55.3%
Honeyhive Galaxy
Honeyhive Cosmic Mario Race
53.2%
Space Junk Galaxy
Yoshi's Unexpected Appearance
53.2%
Battlerock Galaxy
Battlerock Barrage
53.2%
Battlerock Galaxy
Breaking into the Battlerock
53.2%
Battlerock Galaxy
Topmaniac's Daredevil Run
53.2%
Battlerock Galaxy
Luigi Under the Saucer
53.2%
Gusty Garden Galaxy
Major Burrow's Daredevil Run
53.2%
Sky Station Galaxy
Peewee Piranha's Temper Tantrum
53.2%
Puzzle Plank Galaxy
Bugaboom's Back
51.1%
Honeyhive Galaxy
Luigi in the Honeyhive Kingdom
48.9%
Battlerock Galaxy
Battlerock's Garbage Dump
48.9%
Rolling Green Galaxy
Rolling in the Clouds
48.9%
Beach Bowl Galaxy
Wall Jumping Up Waterfalls
48.9%
Ghostly Galaxy
Luigi and the Haunted Mansion
48.9%
Gusty Garden Galaxy
The Dirty Tricks of Major Burrows
48.9%
Gusty Garden Galaxy
Gusty Garden's Gravity Scramble
48.9%
Freezeflame Galaxy
The Frozen Peak of Baron Brrr
48.9%
Freezeflame Galaxy
Hot and Cold Collide
48.9%
Spin-
Dig Galaxy
Digga-Leg's Planet
48.9%
Sling Pod Galaxy
A Very Sticky Situation
46.8%
Beach Bowl Galaxy
The Secret Undersea Cavern
46.8%
Ghostly Galaxy
A Very Spooky Sprint
46.8%
Ghostly Galaxy
Matter Splatter Mansion
46.8%
Drip Drop Galaxy
Giant Eel Outbreak
46.8%
Gusty Garden Galaxy
Bunnies in the Wind
46.8%
Freezeflame Galaxy
Freezeflame's Blistering Core
46.8%
Melty Molten Galaxy
Fiery Dino Piranha
46.8%
Yoshi Star Galaxy
Saddle Up with Yoshi
46.8%
Bowser's Star Reactor
The Fiery Stronghold
44.7%
Bubble Breeze Galaxy
Through the Poison Swamp
44.7%
Gusty Garden Galaxy
The Golden Chomp
44.7%
Bonefin Galaxy
Kingfin's Fearsome Waters
44.7%
Bowser Jr.'s Lava Reactor
King Kaliente's Spicy Return
44.7%
Grand Finale Galaxy
The Star Festival
44.7%
Spin-
Dig Galaxy
Digga-Leg's Daredevil Run
44.7%
Flip-
Swap Galaxy
Think Before You Shake
44.7%
Bowser Jr.'s Fiery Flotilla
Gobblegut's Aching Belly
44.7%
Beach Bowl Galaxy
Sunken Treasure
42.6%
Beach Bowl Galaxy
Beachcombing for Purple Coins
42.6%
Buoy Base Galaxy
The Secret of Buoy Base
42.6%
Bowser Jr.'s Airship Armada
Sinking the Airships
42.6%
Toy Time Galaxy
Mario Meets Mario
42.6%
Toy Time Galaxy
Luigi's Purple Coins
42.6%
Bowser's Galaxy Reactor
The Fate of the Universe
42.6%
Boulder Bowl Galaxy
Rock and Rollodillo
42.6%
Wild Glide Galaxy
Fluzzard's First Flight
42.6%
Buoy Base Galaxy
The Floating Fortress
40.4%
Freezeflame Galaxy
Frosty Cosmic Mario Race
40.4%
Dusty Dune Galaxy
Sunbaked Sand Castle
40.4%
Sand Spiral Galaxy
Choosing a Favorite Snack
40.4%
Deep Dark Galaxy
Boo in a Box
40.4%
Matter Splatter Galaxy
Watch Your Step
40.4%
Yoshi Star Galaxy
Spiny Control
40.4%
Fluffy Bluff Galaxy
Search for the Toad Brigade Captain
40.4%
Hightail Falls Galaxy
Hot-Stepping Dash Pepper
40.4%
Honeyhive Galaxy
The Honeyhive's Purple Coins
38.3%
Galaxy
Mission
% Correct
Space Junk Galaxy
Purple Coin Spacewalk
38.3%
Battlerock Galaxy
Purple Coins on the Battlerock
38.3%
Ghostly Galaxy
Purple Coins in the Bone Pen
38.3%
Freezeflame Galaxy
Conquering the Summit
38.3%
Dusty Dune Galaxy
Blasting Through the Sand
38.3%
Bowser's Dark Matter Plant
Darkness on the Horizon
38.3%
Gold Leaf Galaxy
Cataquack to the Skies
38.3%
Sea Slide Galaxy
The Silver Stars of Sea Slide
38.3%
Sea Slide Galaxy
Hurry, He's Hungry
38.3%
Toy Time Galaxy
Fast Foes of Toy Time
38.3%
Deep Dark Galaxy
The Underground Ghost Ship
38.3%
Deep Dark Galaxy
Bubble Blastoff
38.3%
Deep Dark Galaxy
Ghost Ship Daredevil Run
38.3%
Dreadnought Galaxy
Revenge of the Topman Tribe
38.3%
Melty Molten Galaxy
Lava Spire Daredevil Run
38.3%
Rolling Gizmo Galaxy
Gizmos, Gears, and Gadgets
38.3%
Sky Station Galaxy
Peewee Piranha's Speed Run
38.3%
Fluffy Bluff Galaxy
The Chimp's Stomp Challenge
38.3%
Boulder Bowl Galaxy
C'mere, Goomba
38.3%
Freezy Flake Galaxy
Bowser on Ice
38.3%
Freezy Flake Galaxy
The Chimp's Skating Challenge
38.3%
Gusty Garden Galaxy
Purple Coins on the Puzzle Cube
36.2%
Dusty Dune Galaxy
Soaring on the Desert Winds
36.2%
Dusty Dune Galaxy
Sandblast Speed Run
36.2%
Dusty Dune Galaxy
Bullet Bill on Your Back
36.2%
Gold Leaf Galaxy
When It Rains, It Pours
36.2%
Toy Time Galaxy
Heavy-Metal Mecha-Bowser
36.2%
Toy Time Galaxy
Bouncing Down Cake Lane
36.2%
Dreadnought Galaxy
Topman Tribe Speed Run
36.2%
Dreadnought Galaxy
Dreadnought's Garbage Dump
36.2%
Melty Molten Galaxy
The Sinking Lava Spire
36.2%
Melty Molten Galaxy
Through the Meteor Storm
36.2%
Snow Cap Galaxy
Star Bunnies in the Snow
36.2%
Loopdeeswoop Galaxy
The Galaxy's Greatest Wave
36.2%
Yoshi Star Galaxy
Spiny Rainbow Romp
36.2%
Fluffy Bluff Galaxy
Every Planet Has Its Price
36.2%
Rightside Down Galaxy
Breaking the Laws of Gravity
36.2%
Rightside Down Galaxy
The Great Crate Incinerator
36.2%
Boulder Bowl Galaxy
Rolling Crabber Romp
36.2%
Cosmic Cove Galaxy
Twin Falls Hideaway
36.2%
Cosmic Cove Galaxy
Exploring the Cosmic Cavern
36.2%
Bowser's Lava Lair
Bowser's Big Lava Power Party
36.2%
Freezy Flake Galaxy
Sorbetti's Chilly Reception
36.2%
Freezeflame Galaxy
Purple Coins on the Summit
34%
Dusty Dune Galaxy
Purple Coins in the Desert
34%
Bigmouth Galaxy
Bigmouth's Gold Bait
34%
Gold Leaf Galaxy
The Bell on the Big Tree
34%
Sea Slide Galaxy
Going after Guppy
34%
Sea Slide Galaxy
Underwater Cosmic Mario Race
34%
Deep Dark Galaxy
Guppy and the Underground Lake
34%
Deep Dark Galaxy
Plunder the Purple Coins
34%
Dreadnought Galaxy
Infiltrating the Dreadnought
34%
Dreadnought Galaxy
Dreadnought's Colossal Cannons
34%
Melty Molten Galaxy
Burning Tide
34%
Bubble Blast Galaxy
The Electric Labyrinth
34%
Sky Station Galaxy
Storming the Sky Fleet
34%
Bowser Jr.'s Fiery Flotilla
Fiery Flotilla Speed Run
34%
Hightail Falls Galaxy
Hightail Falls Speed Run
34%
Honeybloom Galaxy
The Secret Wall Jump
34%
Bowser Jr.'s Fearsome Fleet
Bowser Jr.'s Mighty Megahammer
34%
Flipsville Galaxy
Flip-Flopping in Flipsville
34%
Boss Blitz Galaxy
Throwback Throwdown
34%
Honeyclimb Galaxy
Scaling the Sticky Wall
31.9%
Gold Leaf Galaxy
Star Bunnies on the Hunt
31.9%
Gold Leaf Galaxy
Cosmic Mario Forest Race
31.9%
Gold Leaf Galaxy
Purple Coins in the Woods
31.9%
Toy Time Galaxy
The Flipswitch Chain
31.9%
Dreadnought Galaxy
Battlestation's Purple Coins
31.9%
Melty Molten Galaxy
Red-Hot Purple Coins
31.9%
Boo's Boneyard Galaxy
Racing the Spooky Speedster
31.9%
Puzzle Plank Galaxy
Purple Coin Shadow Vault
31.9%
Wild Glide Galaxy
Jungle Fluzzard Race
31.9%
Bowser's Lava Lair
Lava Lair Speed Run
31.9%
Tall Trunk Galaxy
Tall Trunk's Big Slide
31.9%
Cloudy Court Galaxy
The Shadow Lining
31.9%
Beat Block Galaxy
Step to the Beep
31.9%
Supermassive Galaxy
Huge Trouble with Big Wigglers
31.9%
Supermassive Galaxy
In Full Bloom
31.9%
Flipsville Galaxy
Flipsville's New Digs
31.9%
Grandmaster Galaxy
The Perfect Run
29.8%
Dusty Dune Galaxy
Treasure of the Pyramid
29.8%
Galaxy
Mission
% Correct
Sea Slide Galaxy
Faster Than a Speeding Penguin
29.8%
Sea Slide Galaxy
Purple Coins by the Seaside
29.8%
Spin-
Dig Galaxy
Silver Stars Down Deep
29.8%
Honeybloom Galaxy
Bumble Beginnings
29.8%
Haunty Halls Galaxy
A Glimmer of Bulb Berry
29.8%
Rolling Masterpiece Galaxy
Masterpiece Speed Run
29.8%
Supermassive Galaxy
Big Wigglers Speed Run
29.8%
Space Storm Galaxy
C'mere, Topman
29.8%
Puzzle Plank Galaxy
The Puzzling Picture Block
27.7%
Cosmic Cove Galaxy
Catch That Star Bunny
27.7%
Beat Block Galaxy
Silver Stars in Double Time
27.7%
Bowser Jr.'s Fearsome Fleet
Megahammer's Daredevil Bash
27.7%
Chompworks Galaxy
Where the Chomps Are Made of Gold
27.7%
Chompworks Galaxy
Spring into the Chompworks
27.7%
Honeyhop Galaxy
The Chimp's Score Challenge
27.7%
Space Storm Galaxy
To the Top of Topman's Tower
27.7%
Grandmaster Galaxy
The Ultimate Test
25.5%
Hightail Falls Galaxy
Silver Stars in Hightail Falls
25.5%
Rolling Masterpiece Galaxy
Silver Chomp Grudge Match
25.5%
Starshine Beach Galaxy
Climbing the Cloudy Tower
25.5%
Sweet Mystery Galaxy
Bulb Berry's Mysterious Glow
25.5%
Cloudy Court Galaxy
Head in the Clouds
23.4%
Space Storm Galaxy
Follow Me, Bob-omb
23.4%
Slipsand Galaxy
Squizzard's Sandy Sinkhole
23.4%
Shiverburn Galaxy
Prince Pikante's Peppery Mood
23.4%
Upside Dizzy Galaxy
Burning Upside Dizzy
23.4%
Bowser Jr.'s Boom Bunker
Bowser Jr.'s Boomsday Machine
23.4%
Twisty Trials Galaxy
Spinning and Spinning and Spinning
23.4%
Boss Blitz Galaxy
Throwback Throwdown Speed Run
23.4%
Flip-
Swap Galaxy
Purple Coin Flip 'n' Sprint
21.3%
Tall Trunk Galaxy
The Flotacious Blimp Fruit
21.3%
Tall Trunk Galaxy
Tall Trunk's Purple Coin Slide
21.3%
Starshine Beach Galaxy
Surf, Sand, and Silver Stars
21.3%
Honeyhop Galaxy
The Sweetest Silver Stars
21.3%
Twisty Trials Galaxy
Turning Turning Double Time
21.3%
Cloudy Court Galaxy
Silver Stars in the Purple Pond
19.1%
Sweet Mystery Galaxy
Bulb Berry's Purple Coin Glow
19.1%
Bowser's Gravity Gauntlet
Breaking into Bowser's Castle
19.1%
Slipsand Galaxy
Sailing the Sandy Seas
19.1%
Melty Monster Galaxy
The Chimp's Bowling Challenge
19.1%
Clockwork Ruins Galaxy
Time for Adventure
19.1%
Bowser's Galaxy Generator
Bowser's Big Bad Speed Run
19.1%
Mario Squared Galaxy
Luigi's Purple Coin Chaos
19.1%
Haunty Halls Galaxy
Sneaking Down the Creepy Corridor
17%
Haunty Halls Galaxy
Spooky Cosmic Clone Chase
17%
Starshine Beach Galaxy
Purple Coin Beach Dash
17%
Chompworks Galaxy
Cosmic Clones in the Chompworks
17%
Flipsville Galaxy
Purple Coin Spin Speed Run
14.9%
Bowser's Gravity Gauntlet
Gravity Star Speed Run
14.9%
Bowser Jr.'s Boom Bunker
Boomsday Machine Daredevil Run
14.9%
Battle Belt Galaxy
Snacktime for Gobblegut
14.9%
Slimy Spring Galaxy
The Chimp's Coin Challenge
14.9%
Mario Squared Galaxy
Make Mario a Star
14.9%
Melty Monster Galaxy
A Stroll Down Rolling Lane
12.8%
Throwback Galaxy
Return of the Whomp King
12.8%
Bowser's Galaxy Generator
Bowser's Fortified Fortress
12.8%
Shiverburn Galaxy
Octo-Army Icy Rainbow Romp
10.6%
Shiverburn Galaxy
The Chimp's Ultimate Skating Challenge
10.6%
Boo Moon Galaxy
Haunting the Howling Tower
10.6%
Upside Dizzy Galaxy
A Walk on the Weird Side
10.6%
Rolling Coaster Galaxy
Purple Coins on the Rainbow Road
10.6%
Boo Moon Galaxy
Silver Stars Pop-Up
8.5%
Fleet Glide Galaxy
Fastest Feathers in the Galaxy
8.5%
Clockwork Ruins Galaxy
The Adventure of the Purple Coins
8.5%
Battle Belt Galaxy
Mini-Planet Mega-Run
8.5%
Battle Belt Galaxy
Mini-Planet Daredevil Run
8.5%
Fleet Glide Galaxy
Fluzzard's Wild Battlefield Glide
6.4%
Clockwork Ruins Galaxy
The Ledge Hammer Trap
6.4%
Throwback Galaxy
Silver Stars in the Whomp Fortress
6.4%
Flash Black Galaxy
Dark Octo-Army Romp
6.4%
Stone Cyclone Galaxy
Tox Box Speed Run
6.4%
Flip-
Out Galaxy
Wicked Wall Jumps
6.4%
Slipsand Galaxy
Squidward's Daredevil Run
4.3%
Throwback Galaxy
Whomp Silver Star Speed Run
4.3%
Flash Black Galaxy
Jumping Around in the Dark
4.3%
Stone Cyclone Galaxy
Silver Stars on the Cyclone Stone
4.3%
Flip-
Out Galaxy
Cosmic Clone Wall Jumpers
4.3%
Boo Moon Galaxy
The Star in the Sinking Swamp
2.1%
Melty Monster Galaxy
The Magnificent Magma Sea
2.1%
Slimy Spring Galaxy
The Deep Shell Well
2.1%
Rolling Coaster Galaxy
The Rainbow Road Roll
2.1%
Quiz Playlist
Details
Report
Send in Message
Add To Playlist
More Info:
Super Mario Galaxy 1 galaxies are Gateway Galaxy-Grand Finale Galaxy, Super Mario Galaxy 2 galaxies are Sky Station Galaxy-Grandmaster Galaxy
Classic:
Type in answers that appear in a list
Last Updated: Feb 16, 2017
Quiz Scoreboard
CHALLENGE
Sign Up to Join the Scoreboard
Show All
Scores
Hide
Comments
May contain spoilers
Recently Published
College Basketball Coaching Resumes
by pancakes188
Sports
9m
Billboard Blitz: Fleetwood Mac
by CooCooCachoo
Music
15s
Presidents Visiting Landmarks
by Hejman
History
7m
More to Explore
Quiz From the Vault
Featured Blog Post
Where Did the Easter Bunny Come From?
hide this ad
You Might Also Like...
Tags
Mario Quiz
Galaxy
mission
star
Today's Top Quizzes in Gaming
Browse Gaming
hide this ad
Today's Top Quizzes in Mario
Browse Mario
Top Contributed Quizzes in Gaming
1
5-to-1: Consoles
2
7-to-1: Board Game Piece Blitz
3
5-to-1: Legend of Zelda
4
Destiny 2 exotic weapons by perk icons
5
League of Legends Pro Players by Career/Team History
6
Ultimate Genshin Impact Logic Puzzle (up to 4.3)
7
Franchise by Action Figure
8
Who's on the WWE 2K24 Cover?
9
Genshin Impact Logic Puzzle Quiz
10
Overwatch Logic Puzzle
Explore More
Trending Topics
Crossword
Harry Potter
Disney
Kpop
NBA
Anime
Marvel
The Office
Country
Soccer
Puzzle
Song
NFL
WWE
Pokémon
hide this ad
More By:
ilovededede
Quiz
Plays
Rating
Category
Featured
Created
158 Largest British Columbia Cities
1,395
5.00
Geography
Oct 26, 2013
Mario Kart 8 (Deluxe) Ultimate Quiz
1,186
4.14
Gaming
May 3, 2014
U.S. Cites Over 100k
759
4.83
Geography
Mar 1, 2015
6 Largest Cities of Each U.S. State
740
4.00
Geography
Mar 23, 2015
Super Smash Bros. Melee Tier List
657
1.63
Gaming
May 11, 2014
Go to Creator's Profile
Score Distribution
Quiz Creator Spotlight
ilovededede
Follow
Send a Message
Quizzes Created
-
Created Quiz Play Count
-
More By This Creator
Popular Quizzes Today
1
Find the US States - No Outlines Minefield
2
Find the Countries of Europe - No Outlines Minefield
3
The Countries of the World
4
Find the US States
5
Risky Map Clicking: Biggest States A-Z
6
US States
7
Popular People in 1961
8
Movies - When Are They Set?
More Gaming Quizzes
Yu-Gi-Oh! Click a Monster 7
Quiz Lab
Trending Quizzes
Risky Map Clicking: Least Populous States A-Z
1-10 Letter G Words
1-10 Letter F Words
Risky Map Clicking: Next State Alphabetically
Risky Map Clicking: Biggest States A-Z
Recently Updated
Leaping Animals
pecheneg
Reality TV Shows (A-Z)
bhenderson79
Rickey Henderson's Hall of Fame Teammates
pecheneg
Champions League XIs: Arsenal
pecheneg
Quick Pick: Celebrities in WWE's Hall of Fame
aduchscher
A-Z Keypad Blitz II
pecheneg
Multiple Oscar Actors
pecheneg
Mystery Phrase Blitz: Oscar 'Best Actors'
pecheneg
F. Scott Fitzgerald Novels
LTH
Pick 3 Villains
ddd62291
Trending Topics
NBA
Harry Potter
Disney
Kpop
Anime
Crossword
Marvel
Song
WWE
Pokémon
Puzzle
Country
The Office
Soccer
NFL
Your Account Isn't Verified!
In order to create a playlist on Sporcle, you need to verify the email address you used during registration. Go to your
Sporcle Settings
to finish the process.
Report this User
Report this user for behavior that violates our
Community Guidelines
.
Details:
Send Report
Go to the Sporcle.com Mobile Site →
Comments